Регионална библиотека "Любен Каравелов" - Русе

Литературни и философски студии (Запис номер 341795)

MARC детайли
000 -Лидер
Контролно поле с фиксирана дължина nam a22 a 4500
003 - Код на организацията, давaща контролен номер
Контролно поле BLK
005 - Дата и час на последна редакция
Контролно поле 20210731113756.0
008 - Елементи от данни с фиксирана дължина
fixed length control field 180911b bul|||||r ||||||| ||bul||
010 ## - Наследен системен номер
LC control number 001425
040 ## - Източник на каталожния запис
Идентификатор на билиотеката - собственик на записа BLK
041 ## - Код за език
Код за езика на текст/звукозапис или на отделно заглавие Български
Код за езика КДБФ Български
080 ## - УДК
Текстов определител УДК Българска литература(изследвания)
УДК код - определител по УДК 821.163.2.09
УДК - код + определител 821.163.2.09
100 ## - Редна дума - Автор
Автор Кръстев, Кръстю Котов
Авторска отговорност първи автор
R(LIN) 378793
139 ## - Редно поле
Редна дума Кръстев, Кръстю Котов
245 00 - Сведения за заглавието
Заглавие Литературни и философски студии
Редно поле (дума) Кръстю Котов Кръстев
260 ## - Област на издателските данни
Място на издаване, разпространение и проч. Пловдив
Име на издателя, разпространителя и проч. книж. Ив. Игнатов
Година на издаване 1898
Печатница София : Вълков
300 ## - Физическа характеристика
Страници 273, III с., 3 л
Илюстрации и др. портр.
Размери/Мащаб 21 см
380 ## - Жанр
Жанр Литературознание
490 ## - СЕРИИ (Колекции)
Име на серия Частна колекция - Академик Михаил Арнаудов
Бележки за серията Дарение - Основен фонд
490 ## - СЕРИИ (Колекции)
Име на серия Колекция Редки и ценни издания
9 (RLIN) 435080
500 ## - Общи забележки
Забележка Михаил Арнаудов: подпис. - Автограф с текст: На Симеон П. Арнаудов - ученик в V клас, М. Арнаудов, 28. III.
650 ## - Допълнително описание по предмет – тема
Основно описание – тема или топоним Критика
9 (RLIN) 159735
650 ## - Допълнително описание по предмет – тема
Основно описание – тема или топоним Теория
9 (RLIN) 173474
655 ## - Ключова дума – жанр/разновидност
Данни за жанр/разновидност или ключова дума за фокус българско литературознание
700 1# - Други автори (авторска отговорност)
Лично име К. Кръстев
9 (RLIN) 397042
852 ## - Местоположение
Форматна сигнатура МА 502
Фондова буква Фонд "Михаил Арнаудов"
852 ## - Местоположение
Форматна сигнатура Рб 898
Фондова буква Редки и ценни
999 ## - СИСТЕМНИ КОНТРОЛНИ НОМЕРА
Koha biblionumber 341795
Koha biblioitemnumber 341795
942 ## - АРТИКУЛИ
Вид на библиотечния материал Книги
Скрит в OPAC Не
Периодичен библиозапис Да
944 ## - СЪЗДАВАНЕ И РЕДАКЦИЯ на ЗАПИСА
Създаване/Редакция Създаване
Дата на регистрацията/редакция 1995
Служител, извършил регистрацията/редакцията ValK
944 ## - СЪЗДАВАНЕ И РЕДАКЦИЯ на ЗАПИСА
Създаване/Редакция Редакция
Дата на регистрацията/редакция 2021-07-31
Служител, извършил регистрацията/редакцията Христина Везирева
999 ## - СИСТЕМНИ КОНТРОЛНИ НОМЕРА
Koha biblioitemnumber 341795
999 ## - СИСТЕМНИ КОНТРОЛНИ НОМЕРА
Koha biblioitemnumber 341795
999 ## - СИСТЕМНИ КОНТРОЛНИ НОМЕРА
Koha biblioitemnumber 341795
999 ## - СИСТЕМНИ КОНТРОЛНИ НОМЕРА
Koha biblioitemnumber 341795
Наличности
Код за отписване Код за изгубен артикул Източник на класификационната схема Код за повреда Коз за рестрикции Код за отдаване Артикулен № Име на библиотеката - собственик Име на библиотеката, в която се намира в момента Статус (Текущо местоположение) Местоположение - отдел Цена в лева Номерация (Хронология) Инвентарен номер Систематично азбучна сигнатура Баркод Номер на екземпляра Цена в евро Служебен тип на артикула Дата на вписване в системата
  Не е изгубен Universal Decimal Classification Не е повреден само за читалня Специални фондове ( старопечатни, редки и ценни, фонд М. Арнаудов) 741795 Регионална библиотека "Любен Каравелов" Русе Регионална библиотека "Любен Каравелов" Русе Фонд "Михаил Арнаудов" Фонд "Михаил Арнаудов" 16.00 Автограф: Михаил Арнаудов 587468 МА 502 120000587468 1 8.18 Книги  
  Не е изгубен Universal Decimal Classification Не е повреден само за читалня Специални фондове ( старопечатни, редки и ценни, фонд М. Арнаудов) 803629 Регионална библиотека "Любен Каравелов" Русе Регионална библиотека "Любен Каравелов" Русе Редки и ценни Редки и ценни 0.54   12020/58 Рб 898 900000036558   0.28 Книги 2020-10-19
  Не е изгубен Universal Decimal Classification Не е повреден само за читалня Специални фондове ( старопечатни, редки и ценни, фонд М. Арнаудов) 803665 Регионална библиотека "Любен Каравелов" Русе Регионална библиотека "Любен Каравелов" Русе Редки и ценни Редки и ценни 0.22   1321-І-а Рб 898 900000036557   0.11 Книги 2020-10-19
  Не е изгубен Universal Decimal Classification Не е повреден само за читалня Специални фондове ( старопечатни, редки и ценни, фонд М. Арнаудов) 853188 Регионална библиотека "Любен Каравелов" Русе Регионална библиотека "Любен Каравелов" Русе Редки и ценни Редки и ценни 0.22   1321-І Рб 898 900000072046   0.11 Книги 2021-09-20
Vip Innovations Ltd, Rousse, Bulgaria 2025